| 000 | 01344cam a2200349 i 4500 | ||
|---|---|---|---|
| 001 | 65799 | ||
| 003 | Mx-PuUPA | ||
| 005 | 20240507134620.0 | ||
| 008 | 160712s2015 mx gr 001 0 spa d | ||
| 020 | _a9786077470557 | ||
| 040 |
_aMx-PuUPA _bspa _cMx-PuUPA _dMx-PuUPA _erda |
||
| 041 | 1 |
_aspa _heng |
|
| 100 | 1 |
_aGardner, Howard, _d1943- _eautor _92321 |
|
| 240 | 1 | 4 |
_aMultiple inteligencies. The theory in practice. _lEspañol |
| 245 | 1 | 0 |
_aInteligencias múltiples : _bla teoría en la práctica / _cHoward Gardner ; traducción de María Teresa Melero Nogués |
| 250 | _aPrimera edición | ||
| 264 | 1 |
_aCiudad de México : _bEditorial Paidós, _c2015 |
|
| 300 |
_a383 páginas ; _c23 cm |
||
| 336 |
_atexto _2rdacontent _btxt |
||
| 337 |
_asin medio _2rdamedia _bn |
||
| 338 |
_avolumen _2rdacarrier _bnc |
||
| 490 | 0 |
_aBiblioteca Howard Gardner ; _v5 |
|
| 650 | 7 |
_2armarc _aInteligencias múltiples |
|
| 650 | 7 |
_2armarc _aAprendizaje |
|
| 650 | 7 |
_aEducación _xFilosofía _2armarc |
|
| 700 | 1 |
_aMelero Nogués, María Teresa, _etraductor |
|
| 765 | 0 |
_aGardner, Howard, 1943- _tMultiple inteligencies. The theory in practice. _dNueva York : Basic Books, 1993 |
|
| 942 |
_2ddc _cLI _h370.1523 _iG212 |
||
| 999 |
_c65799 _d65799 |
||